Online Catalogue and eLibrary

State, capital and labour in the plantation industry in Sri Lanka 1834-1984 : (Record no. 2730)

MARC details
000 -LEADER
fixed length control field 00469nam a2200157Ia 4500
005 - DATE AND TIME OF LATEST TRANSACTION
control field 20240430042220.0
008 - FIXED-LENGTH DATA ELEMENTS--GENERAL INFORMATION
fixed length control field 240331s9999 xx 000 0 und d
082 ## - DDC Classification
Item Number - Author Mark KUR
Class No. 331.62
100 ## - MAIN ENTRY--PERSONAL NAME
Personal name Kurian, Rachel
245 #0 - TITLE STATEMENT
Title State, capital and labour in the plantation industry in Sri Lanka 1834-1984 :
Remainder of title Thesis
Statement of responsibility, etc. Rachel, Kurian
260 ## - PUBLICATION, DISTRIBUTION, ETC.
Place of publication, distribution, etc. Hoek spui
Name of publisher, distributor, etc. Geboren te trichur ( india)
Date of publication, distribution, etc. 1989
300 ## - PHYSICAL DESCRIPTION
Extent (e.g. Volumes, Pages etc.) xxv, 405 p .,
650 ## - SUBJECT ADDED ENTRY--TOPICAL TERM
Topical term or geographic name entry element Economic
650 ## - SUBJECT ADDED ENTRY--TOPICAL TERM
Topical term or geographic name entry element Labour
942 ## - Koha item type (Biblio)
Koha item type Books in Stacks (Lending)
Holdings
Lost status Damaged status Collection code Home library Current library Shelving location Date acquired Full call number Accession Number Item type
    Lending WERC Library WERC Library Social Science Cupboard 03/31/2024 331.62 KUR 1276 Books in Stacks (Lending)

© WERC Library